000 00958nam a22002897a 4500
001 BR8708839
003 BR-BrBNA
005 20230928092800.0
007 ta
008 230509b bl.||||| |||| 00| 0 por d
040 _aBR-BrBNA
_bpor
_cBiblioteca Nacional de Agricultura
041 _a(Por)
072 _aL40
_b5120
090 _ 5120 BR8708839
100 1 _aSantos, A. dos
110 1 _aFaculdade de Medicina Veterinaria e Zootecnia, Sao Paulo, SP (Brasil)
_0Tese (Mestrado)
_94509
245 1 _aEstudo anatomico das arterias da base do encefalo de equinos da raca puro sangue ingles
246 1 _aAnatomical study of the arteries of the basis of the encephalon in throughbreed horses
260 3 _aSao Paulo, SP (Brasil):
_c1987.
300 _a111 p.
500 _a26 illus.; 27 ref.; Summaries (Eng, Por)
650 _aPURO SANGUE INGLES
650 _aARTERIA
650 _aCABECA
909 _a202309
_bLucia
_c55
_dLucia Elande
942 _cBK
999 _c41166
_d41166